Представление документа в формате RUSMARC

ПолеНазваниеЗначение
  Тип записи a
  Библиографический уровень m
001 Контрольный номер UONB/MAIN/aa4183fc17e0412d8c855c049c231172
005 Дата корректировки 20260415095922.8
010 Индекс ISBN __
a ISBN 978-5-6055186-0-0
b Уточнения в пер.
9 Тираж 170 экз.
100 Данные общей обработки __
a Данные общей обработки 20260414d2025 u u0rusy0189 ca
101 Язык документа 0_
a Язык текста rus
102 Страна публикации __
a Страна публикации RU
105 Кодированные данные (монография) __
a Кодированные данные (монография) a z 001yy
200 Заглавие и сведения об ответственности 1_
a Заглавие Симбирск. Покровская
e Сведения, относящиеся к заглавию заметки путешественников во времени
f Первые сведения об ответственности Владислав Ястребов, Наталия Бороденкова
203 Вид содержания и тип средства __
a Вид содержания Текст
b Характеристика содержания визуальный
c Тип средства непосредственный
210 Выходные данные 1_
a Место издания Ульяновск
c Издательство ИП Облезин Д.Н.
d Дата издания 2025
215 Физическое описание __
a Объем 581 с.
d Формат 25 см
c Иллюстрации/тип воспроизводства ил., цв. фот.
225 Серия 1_
a Серия В зеркале времени
320 Библиография __
a Библиография Библиогр. в подстроч. примеч.
606 Тематические рубрики 0_
a Основная рубрика Улицы
x Основная подрубрика История
y Географическая подрубрика Ульяновск, город
j Формальный подзаголовок Путеводители
606 Тематические рубрики 0_
a Основная рубрика Архитектура
x Основная подрубрика История
y Географическая подрубрика Симбирск-Ульяновск
610 Ключевые слова 0_
a Ключевые слова история улиц Симбирска-Ульяновска; архитектура Симбирска-Ульяновска; история архитектуры Ульяновска; путеводители по Ульяновску; история архитектуры Симбирской губернии
686 Индексы других классификаций __
2 Код системы rubbk
a Классификационный индекс 63.3(2Рос-4Уль)я23
686 Индексы других классификаций __
a Классификационный индекс 85.113(2Рос-4Уль)
2 Код системы rubbk
700 Автор _1
a Фамилия Ястребов
b Имя (инициалы) В. В.
g Полное личное имя Владислав Викторович
701 Альтернативная интеллектуальная ответственность _1
a Фамилия Бороденкова
b Имя (инициалы) Н. В.
g Полное личное имя Наталия Васильевна
801 Источник записи _0
a Страна RU
b Организация Ульяновская ОНБ
c Дата составления 20260414
g Правила каталогизации RCR
801 Источник записи _1
a Страна RU
b Организация Ульяновская ОНБ
c Дата составления 20260414
g Правила каталогизации RCR
900 Электронные ресурсы __
a Имя электронного ресурса Симбирск. Покровская
900 Электронные ресурсы __
a Имя электронного ресурса Симбирск. Покровская
900 Электронные ресурсы __
a Имя электронного ресурса Симбирск. Покровская. Сод-е
901 Тип документа __
t Тип документа m
909 Создатель записи __
a Создатель записи Цуканова
b Дата создания записи 20260414
910 Корректоры записи __
a Корректор записи Седова
b Дата внесения изменения в запись 20260415